000 00376nam a22001697a 4500
003 UA-OsUOA
001 4517
007 ta
008 20050721b un ||||| |||| 00| 0 ukr d
100 _aTuchman
700 _aBarbara W.
942 _cBK
040 _aUA-OsUOA
_cUA-OsUOA
_dUA-OsUOA
245 _aA Distant Mirror. The Calamitous 14th Century.
955 _a2
650 7 _2UDC
999 _c290679
_d290679